| 000 | 00735nam a2200205Ia 4500 | ||
|---|---|---|---|
| 005 | 20251020182535.0 | ||
| 008 | 200515s9999 xx 000 0 und d | ||
| 082 | _a72.0191/W96 | ||
| 100 | _aWONG, Wucius | ||
| 245 | 0 | _aPrincipios del diseño en color : diseñar con colores electrónicos | |
| 250 | _a6a ed. | ||
| 260 | _aBarcelona | ||
| 260 | _c2001 | ||
| 500 | _a1 ejemplar | ||
| 520 | _aEstructurado en cinco partes, la primera establece los principios de diseño, la segunda examina los principios comunes del color relativos al uso de pigmentos, la tercera ayuda al principiante a desarrollar una lógica sistemática del color mediante ejerci | ||
| 650 | _aCOLOR | ||
| 650 | _aDISEÑO | ||
| 650 | _aLIB | ||
| 942 | _cLIB | ||
| 999 |
_c2209 _d2209 |
||